प्रयोजनमूलक हिन्दी के विविध रूप / (Record no. 111981)
[ view plain ]
| 000 -LEADER | |
|---|---|
| fixed length control field | 01282nam a22002657a 4500 |
| 005 - DATE AND TIME OF LATEST TRANSACTION | |
| control field | 20170124102932.0 |
| 010 ## - LIBRARY OF CONGRESS CONTROL NUMBER | |
| LC control number | B-136421 |
| 020 ## - INTERNATIONAL STANDARD BOOK NUMBER | |
| Terms of availability | 400.00 |
| International Standard Book Number | 8179650790 |
| 035 ## - SYSTEM CONTROL NUMBER | |
| System control number | B-136421 |
| 037 ## - SOURCE OF ACQUISITION | |
| Source of stock number/acquisition | Cen Lib/Ret |
| 040 ## - CATALOGING SOURCE | |
| Original cataloging agency | DPL |
| Language of cataloging | HN |
| 082 ## - DEWEY DECIMAL CLASSIFICATION NUMBER | |
| Classification number | 420 |
| Item number | मिश्र्रा |
| 100 ## - MAIN ENTRY--PERSONAL NAME | |
| Personal name | मिश्र, राजेन्द्र |
| 9 (RLIN) | 45333 |
| 245 ## - TITLE STATEMENT | |
| Title | प्रयोजनमूलक हिन्दी के विविध रूप / |
| Statement of responsibility, etc | राजेन्द्र मिश्र [और] राकेश शर्मा |
| 246 ## - VARYING FORM OF TITLE | |
| Title proper/short title | Prayojanmoolak hindi ke vividh roop / |
| Remainder of title | by Rajendra Mishra [and] Rakesh Sharma |
| 260 ## - PUBLICATION, DISTRIBUTION, ETC. (IMPRINT) | |
| Name of publisher, distributor, etc | तक्षशिला प्रकाशन |
| Place of publication, distribution, etc | नई दिल्ली |
| Date of publication, distribution, etc | 2005 |
| 270 ## - ADDRESS | |
| Address | 98-ए, हिंदी पार्क, दरियागंज |
| City | नई दिल्ली |
| Postal code | 110002 |
| 300 ## - PHYSICAL DESCRIPTION | |
| Extent | vi,335पृ. |
| Dimensions | 20सेमी (सजिल्द) |
| 650 ## - SUBJECT ADDED ENTRY--TOPICAL TERM | |
| Topical term or geographic name as entry element | कामकाजी हिन्दी -- विविध रूप |
| 9 (RLIN) | 45334 |
| 650 ## - SUBJECT ADDED ENTRY--TOPICAL TERM | |
| Topical term or geographic name as entry element | मीडिया -- लेखन |
| 9 (RLIN) | 1413 |
| 650 ## - SUBJECT ADDED ENTRY--TOPICAL TERM | |
| Topical term or geographic name as entry element | Working Hindi - as diverse |
| 9 (RLIN) | 45335 |
| 650 ## - SUBJECT ADDED ENTRY--TOPICAL TERM | |
| Topical term or geographic name as entry element | Media - Writing |
| 9 (RLIN) | 44929 |
| 700 ## - ADDED ENTRY--PERSONAL NAME | |
| Personal name | शर्मा, राकेश |
| 9 (RLIN) | 45336 |
| 942 ## - ADDED ENTRY ELEMENTS (KOHA) | |
| Source of classification or shelving scheme | Dewey Decimal Classification |
| Koha item type | Hindi Books |
| Classification part | 420 |
| Call number suffix | मिश्र्रा |
| Withdrawn status | Lost status | Damaged status | Not for loan | Home library | Current library | Date acquired | Source of acquisition | Cost, normal purchase price | Total Checkouts | Full call number | Barcode | Date last seen | Copy number | Cost, replacement price | Price effective from | Koha item type |
|---|---|---|---|---|---|---|---|---|---|---|---|---|---|---|---|---|
| Central Library | Central Library | 06/08/2015 | Cen Lib/Ret | 400.00 | 420 मिश्र्रा | B-136421 | 06/08/2015 | 1 | 400.00 | 06/08/2015 | Hindi Books |
